header

The royal inscriptions of Tiglath-pileser III (744-727 BC) and Shalmaneser V (726-722 BC), kings of Assyria (Record no. 117903)

MARC details
000 -LEADER
fixed length control field 01799nam a2200421 a 4500
082 04 - DEWEY DECIMAL CLASSIFICATION NUMBER
Classification number 492/.1
100 1# - MAIN ENTRY--AUTHOR NAME
Personal name Tadmor, Hayim.
245 14 - TITLE STATEMENT
Title The royal inscriptions of Tiglath-pileser III (744-727 BC) and Shalmaneser V (726-722 BC), kings of Assyria
260 ## - PUBLICATION, DISTRIBUTION, ETC. (IMPRINT)
Place of publication Winona Lake, Ind. :
Name of publisher Eisenbrauns,
Year of publication 2011.
300 ## - PHYSICAL DESCRIPTION
Number of Pages xxix, 211 p. :
Other physical details ill.
490 1# - SERIES STATEMENT
Series statement The royal inscriptions of the Neo-Assyrian Period ;
650 #0 - SUBJECT ADDED ENTRY--TOPICAL TERM
Topical Term Cuneiform inscriptions, Akkadian.
Topical Term Akkadian language
700 1# - ADDED ENTRY--PERSONAL NAME
Personal name Yamada, Shigeo.
Personal name Novotny, Jamie R.
856 40 - ELECTRONIC LOCATION AND ACCESS
Uniform Resource Identifier http://site.ebrary.com/lib/rucke/Doc?id=10513553

No items available.

© 2026 Rongo University
Contact us: librarian | system librarian | Rongo university